书目信息 |
| 题名: |
股权心法
|
|
| 作者: | 宋俊生 著 | |
| 分册: | ||
| 出版信息: | 北京 电子工业出版社 2025.01 |
|
| 页数: | 19,226页 | |
| 开本: | 21cm | |
| 丛书名: | ||
| 单 册: | ||
| 中图分类: | F271.2 | |
| 科图分类: | ||
| 主题词: | 股权管理 | |
| 电子资源: | ||
| ISBN: | 978-7-121-49062-0 | |
| 000 | 00790nam0 2200229 450 | |
| 001 | 013398170 | |
| 005 | 20251023092501.97 | |
| 010 | @a978-7-121-49062-0@b精装@dCNY69.00 | |
| 100 | @a20250210d2025 em y0chiy0120 ea | |
| 101 | 0 | @achi |
| 102 | @aCN@b110000 | |
| 105 | @ay z 000yy | |
| 106 | @ar | |
| 200 | 1 | @a股权心法@9gu quan xin fa@f宋俊生著 |
| 210 | @a北京@c电子工业出版社@d2025.01 | |
| 215 | @a19,226页@d21cm | |
| 330 | @a本书聚焦股权架构,以股权架构顶层设计、股权架构模式解码和股权架构重组规划等内容对股权架构进行拆解,目的是帮助读者从认识股权架构开始,逐步进行股权架构设计和公司治理,并规避常见的风险与陷阱。 | |
| 606 | 0 | @a股权管理 |
| 690 | @aF271.2@v5 | |
| 701 | 0 | @a宋俊生@9song jun sheng@4著 |
| 801 | 0 | @aCN@c20250911 |
| 905 | @a河南城建学院图书馆@dF271.2@eS768@ZS768@f1 | |
| 股权心法/宋俊生著.-北京:电子工业出版社,2025.01 |
| 19,226页;21cm |
| ISBN 978-7-121-49062-0(精装):CNY69.00 |
| 本书聚焦股权架构,以股权架构顶层设计、股权架构模式解码和股权架构重组规划等内容对股权架构进行拆解,目的是帮助读者从认识股权架构开始,逐步进行股权架构设计和公司治理,并规避常见的风险与陷阱。 |
| ● |
| 相关链接 |
|
|
|
正题名:股权心法
索取号:F271.2/S768
 
预约/预借
| 序号 | 登录号 | 条形码 | 馆藏地/架位号 | 状态 | 备注 |
| 1 | 1635956 | 216359562 | 社科库409/409社科库 87排4列4层/ [索取号:F271.2/S768] | 在馆 |